Click the countries that have the top 10 strongest miltaries! - Statistics

General Stats
  • This quiz has been taken 62 times
  • The average score is 9 of 10
Answers on the Map
Answers color-coded by a green-red scale on the quiz's map according to % correct below.
 
Answer Stats
Answer % Correct
China
92%
USA
92%
Japan
90%
Russia
90%
UK
90%
India
88%
Italy
88%
South Korea
88%
France
86%
Pakista
76%
No matching quizzes found
Score Distribution
Percent of People with Each Score
Percentile by Number Answered
Your Score History
You have not taken this quiz